[Event "Dubai op 13th"]
[Site "Dubai"]
[Date "2011.04.10"]
[Round "1"]
[White "Grigoryan, Karen H"]
[Black "Dhar, Manodip"]
[Result "1-0"]
[WhiteElo "2463"]
[BlackElo "2022"]
[PlyCount "67"]
[EventDate "2011.04.10"]
[EventType "swiss"]
[EventRounds "9"]
[EventCountry "UAE"]
[SourceTitle "CBM 141 Extra"]
[Source "ChessBase"]
[SourceDate "2011.05.03"]
[SourceVersion "1"]
[SourceVersionDate "2011.05.03"]
[SourceQuality "1"]

1. d4 d5 2. c4 e6 3. Nc3 Nf6 4. Nf3 h6 5. Bf4 c6 6. e3 Nbd7 7. h3 Bb4 8. a3 Bxc3+ 9. bxc3 dxc4 10. Bxc4 Nd5 11. Bg3 Nxc3 12. Qc2 Nd5 13. 0-0 0-0 14. e4 N5b6 15. Ba2 Qe7 16. a4 a5 17. Rab1 Ra6 18. Rfe1 Re8 19. d5 Qc5 20. Qd3 Nxa4 21. Rec1 Qa7 22. dxe6 fxe6 23. Bd6 b5 24. e5 Nac5 25. Qg6 Rd8 26. Nd4 Nf8 27. Qc2 Na4 28. Nxc6 Rxc6 29. Qxc6 Bd7 30. Qf3 Qd4 31. Rd1 Qc3 32. Qg4 Nb6 33. Bxf8 Rxf8 34. Bxe6+ 1-0

[Event "London MSO Banwell Memorial"]
[Site "London"]
[Date "2001.08.21"]
[Round "4"]
[White "Dhar, Manodip"]
[Black "Franklin, Michael J"]
[Result "0-1"]
[WhiteElo "2030"]
[BlackElo "2253"]
[PlyCount "108"]
[EventDate "2001.08.18"]
[EventType "swiss"]
[EventRounds "10"]
[EventCountry "ENG"]
[SourceTitle "EXT 2002"]
[Source "ChessBase"]
[SourceDate "2001.11.25"]
[SourceVersion "1"]
[SourceVersionDate "2001.11.25"]
[SourceQuality "1"]

1. e4 c5 2. Nf3 a6 3. d3 g6 4. g3 Bg7 5. Bg2 Nc6 6. c3 e5 7. Be3 d6 8. c4 Nge7 9. Nc3 0-0 10. Qd2 f5 11. Nd5 Nxd5 12. cxd5 Ne7 13. Bh6 f4 14. Bxg7 Kxg7 15. b4 b6 16. bxc5 bxc5 17. Qc3 Ng8 18. Nd2 g5 19. f3 h5 20. 0-0-0 Nh6 21. Nc4 Kh7 22. Kc2 Bd7 23. Rb1 Ba4+ 24. Kd2 Bb5 25. Qa5 Qe7 26. a4 Bxc4 27. dxc4 g4 28. Rb3 gxf3 29. Bxf3 fxg3 30. hxg3 Rab8 31. Qc3 Qg5+ 32. Ke2 Ng4 33. a5 Kg7 34. Rb6 Rxf3 35. Qxf3 Rf8 36. Qxf8+ Kxf8 37. Rf1+ Kg7 38. Rb3 Nf6 39. Re3 Qg4+ 40. Kd3 Qh3 41. Ref3 Ng4 42. Kc3 Qg2 43. Kb3 Qe2 44. Rf8 Qd3+ 45. Kb2 Qxc4 46. R1f7+ Kg6 47. Re7 Qd4+ 48. Kc1 Qxe4 49. Re6+ Kg7 50. Rd8 Qc4+ 51. Kb1 Qxd5 52. Rd7+ Kf8 53. Rdxd6 Qb3+ 54. Kc1 Ne3 0-1

[Event "London MSO Banwell Memorial"]
[Site "London"]
[Date "2001.08.20"]
[Round "3"]
[White "Pratihba, Yuvaraj"]
[Black "Dhar, Manodip"]
[Result "1-0"]
[WhiteElo "2054"]
[BlackElo "2030"]
[PlyCount "101"]
[EventDate "2001.08.18"]
[EventType "swiss"]
[EventRounds "10"]
[EventCountry "ENG"]
[SourceTitle "EXT 2002"]
[Source "ChessBase"]
[SourceDate "2001.11.25"]
[SourceVersion "1"]
[SourceVersionDate "2001.11.25"]
[SourceQuality "1"]

1. e4 e5 2. Nf3 Nc6 3. Bb5 a6 4. Ba4 Nf6 5. 0-0 Be7 6. Re1 b5 7. Bb3 d6 8. c3 Bg4 9. d3 Na5 10. Bc2 c5 11. Be3 Qc7 12. Nbd2 Nc6 13. Nf1 b4 14. Ng3 d5 15. h3 Bd7 16. exd5 Nxd5 17. Bd2 0-0 18. d4 cxd4 19. cxd4 exd4 20. Rc1 Qa5 21. Ne5 Nxe5 22. Rxe5 Be6 23. Rh5 g6 24. Rxh7 Nf6 25. Rh6 Kg7 26. Rh4 Rfd8 27. Bh6+ Kg8 28. Rxd4 Qxa2 29. Rb1 b3 30. Bf5 Rxd4 31. Qxd4 Bxf5 32. Re1 Be6 33. Ne4 Ne8 34. Bg5 Rd8 35. Qc3 Bxg5 36. Nxg5 Ng7 37. Qf6 Qa5 38. Rxe6 fxe6 39. Qf7+ Kh8 40. Qxg6 Qe1+ 41. Kh2 Qe5+ 42. g3 Qf5 43. Nf7+ Qxf7 44. Qxf7 a5 45. h4 Rd5 46. g4 a4 47. h5 Nxh5 48. gxh5 Rf5 49. Qe8+ Kh7 50. Qg6+ Kh8 51. h6 1-0

[Event "London MSO Banwell Memorial"]
[Site "London"]
[Date "2001.08.19"]
[Round "2"]
[White "Dhar, Manodip"]
[Black "Kunte, Abhijit"]
[Result "0-1"]
[WhiteElo "2030"]
[BlackElo "2547"]
[PlyCount "30"]
[EventDate "2001.08.18"]
[EventType "swiss"]
[EventRounds "10"]
[EventCountry "ENG"]
[SourceTitle "EXT 2002"]
[Source "ChessBase"]
[SourceDate "2001.11.25"]
[SourceVersion "1"]
[SourceVersionDate "2001.11.25"]
[SourceQuality "1"]

1. e4 c5 2. Nf3 e6 3. c3 Nf6 4. e5 Nd5 5. d4 cxd4 6. Nxd4 d6 7. Bb5+ Nd7 8. exd6 Bxd6 9. Nd2 0-0 10. 0-0 N7f6 11. Bd3 Bc7 12. Ne4 Nxe4 13. Bxe4 Qh4 14. f4 Nxf4 15. Qf3 Ne2+ 0-1